“Madam’ ma sœur” (notice n° 1591213)
[ vue normale ]
| 000 -LEADER | |
|---|---|
| fixed length control field | 01380cam a2200157 4500500 |
| 005 - DATE AND TIME OF LATEST TRANSACTION | |
| control field | 20251228065330.0 |
| 041 ## - LANGUAGE CODE | |
| Language code of text/sound track or separate title | fre |
| 042 ## - AUTHENTICATION CODE | |
| Authentication code | dc |
| 100 10 - MAIN ENTRY--PERSONAL NAME | |
| Personal name | Supligeau, Marie-Odile |
| Relator term | author |
| 245 00 - TITLE STATEMENT | |
| Title | “Madam’ ma sœur” |
| 260 ## - PUBLICATION, DISTRIBUTION, ETC. | |
| Date of publication, distribution, etc. | 2002.<br/> |
| 500 ## - GENERAL NOTE | |
| General note | 12 |
| 520 ## - SUMMARY, ETC. | |
| Summary, etc. | RésuméJe demeure – en ces mauvaises saisons pour les solidarité instituées et les protections du lien social – gouvernée par de sombres humeurs. Et quand on me rabat les oreilles avec la « découverte » ou « progrès » que constituerait cette prétendue innovation ou injonction : « il faut mettre l’usager au centre de nos pratiques », me voilà brutalement gagnée par un nouvel accès de désagréments. Je me suis même laissée aller à de vulgaires pensées : « Non ! Zut ! Ça va pas la tête ?… » et autres mauvaisetés en réaction à ces proclamations disqualifiantes pour tous ceux qui œuvrent dans des conditions parfois honteuses auprès des démunis, des damnés de la Terre. Dieu merci, hypocrisie, censure, ou réconfort d’anciens compagnonnages au cœur de la folie ont tempéré mon ressentiment et m’ont aidée à « ne pas péter les plombs ». |
| 786 0# - DATA SOURCE ENTRY | |
| Note | VST - Vie sociale et traitements | 76 | 4 | 2002-11-01 | p. 39-43 | 0396-8669 |
| 856 41 - ELECTRONIC LOCATION AND ACCESS | |
| Uniform Resource Identifier | <a href="https://shs.cairn.info/revue-vie-sociale-et-traitements-2002-4-page-39?lang=fr&redirect-ssocas=7080">https://shs.cairn.info/revue-vie-sociale-et-traitements-2002-4-page-39?lang=fr&redirect-ssocas=7080</a> |
Pas d'exemplaire disponible.




Réseaux sociaux